| 000 | 00933nam a22002892a 4500 | ||
|---|---|---|---|
| 001 | 24785 | ||
| 003 | BD-RjUL | ||
| 005 | 20211209001110.0 | ||
| 008 | 140315s19491949mdu b 001 0beng d | ||
| 035 | _a(BD-RjUL)24854 | ||
| 040 |
_aNYP _cNYP _dYPM _dUKM _dEQO _dBD-RjUL _beng |
||
| 041 | _aeng | ||
| 082 | 0 | 4 |
_a942.033 _218 _bPAR 1949 |
| 090 |
_aDA208 _b.P3 1966 |
||
| 100 | 1 |
_aPainter, Sidney, _d1902-1960. _976302 |
|
| 245 | 1 | 4 |
_aThe reign of King John / _cby Sidney Painter |
| 260 |
_aBaltimore : _bJohns Hopkins Press, _c c1949. |
||
| 300 |
_aviii, 397 p. ; _c21 cm |
||
| 500 | _a"Johns Hopkins paperback." | ||
| 504 | _aIncludes bibliographical references and index | ||
| 600 | 0 | 0 |
_aJohn, _cKing of England, _d1167-1216 _976310 |
| 651 | 0 |
_aGreat Britain _xHistory _yJohn, 1199-1216 _976304 |
|
| 651 | 0 |
_aGreat Britain _xKings and rulers _vBiography _961265 |
|
| 942 |
_2ddc _cBK |
||
| 999 |
_c24785 _d24785 |
||